<?xml version="1.0" encoding="UTF-8"?>
<record
    xmlns:xsi="http://www.w3.org/2001/XMLSchema-instance"
    xsi:schemaLocation="http://www.loc.gov/MARC21/slim http://www.loc.gov/standards/marcxml/schema/MARC21slim.xsd"
    xmlns="http://www.loc.gov/MARC21/slim">

  <leader>01436nam a22002657a 4500</leader>
  <controlfield tag="005">20111207162222.0</controlfield>
  <controlfield tag="008">111207t        xxu||||| |||| 00| 0 mar d</controlfield>
  <datafield tag="010" ind1=" " ind2=" ">
    <subfield code="a">MAR-21810</subfield>
  </datafield>
  <datafield tag="020" ind1=" " ind2=" ">
    <subfield code="c">120.00</subfield>
    <subfield code="a">9788177865400</subfield>
  </datafield>
  <datafield tag="035" ind1=" " ind2=" ">
    <subfield code="a">MR-14468</subfield>
  </datafield>
  <datafield tag="037" ind1=" " ind2=" ">
    <subfield code="b">DBAD/PUB</subfield>
  </datafield>
  <datafield tag="040" ind1=" " ind2=" ">
    <subfield code="a">DPL</subfield>
    <subfield code="b">MR</subfield>
  </datafield>
  <datafield tag="082" ind1=" " ind2=" ">
    <subfield code="a">895.1352</subfield>
  </datafield>
  <datafield tag="100" ind1=" " ind2=" ">
    <subfield code="9">36528</subfield>
    <subfield code="a">&#x91D;&#x93F;&#x902;&#x917;&#x91C;&#x93F;&#x92F;&#x93E;&#x928;,&#x917;&#x93E;&#x913;</subfield>
  </datafield>
  <datafield tag="245" ind1=" " ind2=" ">
    <subfield code="a">&#x92C;&#x93E;&#x92F;&#x93F;&#x902;&#x917; &#x905; &#x92B;&#x93F;&#x936;&#x93F;&#x902;&#x917; &#x930;&#x949;&#x921; &#x92B;&#x949;&#x930; &#x92E;&#x93E;&#x92F; &#x917;&#x94D;&#x930;&#x945;&#x923;&#x94D;&#x921;&#x92B;&#x93E;&#x926;&#x930; /</subfield>
    <subfield code="c">&#x917;&#x93E;&#x913; &#x91D;&#x93F;&#x902;&#x917;&#x91C;&#x93F;&#x92F;&#x93E;&#x928; ; &#x91A;&#x93F;&#x924;&#x94D;&#x930;&#x93E; &#x92E;&#x93E;&#x92F;&#x93E; &#x926;&#x94D;&#x935;&#x93E;&#x930;&#x93E; &#x905;&#x928;&#x941;&#x935;&#x93E;&#x926;&#x93F;&#x924;</subfield>
  </datafield>
  <datafield tag="246" ind1=" " ind2=" ">
    <subfield code="a">Buying A Fishing Rod For My Grandfather</subfield>
    <subfield code="b">by Gao Xingjian</subfield>
  </datafield>
  <datafield tag="260" ind1=" " ind2=" ">
    <subfield code="a">&#x914;&#x930;&#x902;&#x917;&#x93E;&#x92C;&#x93E;&#x926;</subfield>
    <subfield code="b">&#x938;&#x93E;&#x915;&#x947;&#x924; &#x92A;&#x94D;&#x930;&#x915;&#x93E;&#x936;&#x928;</subfield>
    <subfield code="c">2009</subfield>
  </datafield>
  <datafield tag="270" ind1=" " ind2=" ">
    <subfield code="a">115,&#x92E;. &#x917;&#x93E;&#x902;&#x927;&#x940;&#x928;&#x917;&#x930;,&#x938;&#x94D;&#x91F;&#x947;&#x936;&#x928; &#x930;&#x94B;&#x921;,</subfield>
    <subfield code="b">&#x914;&#x930;&#x902;&#x917;&#x93E;&#x92C;&#x93E;&#x926;</subfield>
    <subfield code="e">431005</subfield>
  </datafield>
  <datafield tag="300" ind1=" " ind2=" ">
    <subfield code="a">125&#x92A;&#x943;.</subfield>
    <subfield code="c">21&#x938;&#x947;&#x92E;&#x940;(&#x905;&#x91C;&#x93F;&#x932;&#x94D;&#x926;)</subfield>
  </datafield>
  <datafield tag="650" ind1=" " ind2=" ">
    <subfield code="a">&#x91A;&#x940;&#x928;&#x940; &#x938;&#x93E;&#x939;&#x93F;&#x924;&#x94D;&#x92F;</subfield>
    <subfield code="x">&#x92E;&#x930;&#x93E;&#x920;&#x940; &#x92D;&#x93E;&#x937;&#x93E; &#x92E;&#x947;&#x902; &#x905;&#x928;&#x941;&#x935;&#x93E;&#x926;&#x93F;&#x924;</subfield>
    <subfield code="9">38580</subfield>
  </datafield>
  <datafield tag="650" ind1=" " ind2=" ">
    <subfield code="a">Chinese Fiction</subfield>
    <subfield code="x">Translated into Marathi</subfield>
    <subfield code="9">38581</subfield>
  </datafield>
  <datafield tag="700" ind1=" " ind2=" ">
    <subfield code="a">&#x91A;&#x93F;&#x924;&#x94D;&#x930;&#x93E; &#x92E;&#x93E;&#x92F;&#x93E;</subfield>
    <subfield code="9">37425</subfield>
  </datafield>
  <datafield tag="942" ind1=" " ind2=" ">
    <subfield code="2">ddc</subfield>
    <subfield code="c">MR</subfield>
    <subfield code="m">&#x91D;&#x93F;&#x902;&#x917;&#x91C;&#x93F;</subfield>
    <subfield code="h">895.1352</subfield>
  </datafield>
  <datafield tag="999" ind1=" " ind2=" ">
    <subfield code="c">59868</subfield>
    <subfield code="d">59868</subfield>
  </datafield>
  <datafield tag="952" ind1=" " ind2=" ">
    <subfield code="0">0</subfield>
    <subfield code="1">0</subfield>
    <subfield code="2">ddc</subfield>
    <subfield code="4">0</subfield>
    <subfield code="7">1</subfield>
    <subfield code="8">FIC</subfield>
    <subfield code="a">DBAD</subfield>
    <subfield code="b">DBAD</subfield>
    <subfield code="d">2011-12-22</subfield>
    <subfield code="e">DBAD/PUB</subfield>
    <subfield code="g">120.00</subfield>
    <subfield code="l">0</subfield>
    <subfield code="o">895.1352 &#x91D;&#x93F;&#x902;&#x917;&#x91C;&#x93F;</subfield>
    <subfield code="p">MR-14468</subfield>
    <subfield code="r">2011-12-22 00:00:00</subfield>
    <subfield code="t">1</subfield>
    <subfield code="v">120.00</subfield>
    <subfield code="w">2011-12-22</subfield>
    <subfield code="y">MR</subfield>
  </datafield>
</record>
